[Event "Vukovar VSZ-ch"]
[Site "Vukovar"]
[Date "2005.07.30"]
[Round "3"]
[White "Knezevic, Jovan"]
[Black "Radulovic, Bojan"]
[Result "1-0"]
[WhiteElo "2069"]
[BlackElo "2205"]
[PlyCount "108"]
[EventDate "2005.07.29"]
[EventType "swiss"]
[EventRounds "9"]
[EventCountry "CRO"]
[SourceTitle "CBM 107 Extra"]
[Source "ChessBase"]
[SourceDate "2005.09.01"]
[SourceVersion "1"]
[SourceVersionDate "2005.09.01"]
[SourceQuality "1"]

1. d4 Nf6 2. Nf3 c5 3. c4 e6 4. Nc3 d5 5. Bg5 cxd4 6. Nxd4 Be7 7. e3 0-0 8. Be2 dxc4 9. Bxc4 Nd5 10. Bxe7 Nxe7 11. Qf3 Nd7 12. Qg3 Qb6 13. Rb1 e5 14. Nb3 Qb4 15. Qh4 Kh8 16. a3 Ng6 17. Qxh7+ Kxh7 18. axb4 Nb6 19. Bd3 f5 20. f3 Ne7 21. Nc5 Nc6 22. b5 Nb4 23. Be2 Nd7 24. Ne6 Rf6 25. Ng5+ Kh6 26. h4 f4 27. Nce4 Rf8 28. exf4 exf4 29. Rd1 Nf6 30. Nd6 g6 31. Ndf7+ Kg7 32. Nd6 Nfd5 33. Rc1 Rd8 34. Nge4 Rb8 35. h5 gxh5 36. Rxh5 Bd7 37. Rg5+ Kf8 38. Kf2 Ke7 39. Rg7+ Ke6 40. Rh1 Rh8 41. Rxh8 Rxh8 42. Nxb7 Be8 43. Nbc5+ Ke5 44. Rxa7 Rg8 45. Ra1 Nc2 46. Nd3+ Kf5 47. Ra6 Nce3 48. g4+ fxg3+ 49. Nxg3+ Kg5 50. Ne4+ Kf5 51. Nd6+ Kg5 52. f4+ Nxf4 53. Kxe3 Nxe2 54. Kxe2 Bxb5 1-0

[Event "Borovo op"]
[Site "Borovo"]
[Date "2003.??.??"]
[Round "6"]
[White "Drmic, Tomislav"]
[Black "Knezevic, Jovan"]
[Result "1-0"]
[WhiteElo "2124"]
[BlackElo "2299"]
[PlyCount "45"]
[EventDate "2003.??.??"]
[EventType "swiss"]
[EventRounds "9"]
[EventCountry "CRO"]
[SourceTitle "EXT 2005"]
[Source "ChessBase"]
[SourceDate "2004.11.15"]
[SourceVersion "1"]
[SourceVersionDate "2004.11.15"]
[SourceQuality "1"]

1. e4 e6 2. d4 d5 3. exd5 exd5 4. Bd3 Bd6 5. c3 c6 6. Nf3 Nf6 7. Bg5 Bg4 8. Nbd2 Nbd7 9. 0-0 h6 10. Be3 0-0 11. h3 Bh5 12. Qc2 Qc7 13. Rfe1 Bxf3 14. Nxf3 Rfe8 15. Bf5 Bf4 16. Bxf4 Qxf4 17. Bxd7 Nxd7 18. Qd2 Qxd2 19. Nxd2 Rxe1+ 20. Rxe1 Kf8 21. Nf3 Re8 22. Ne5 f6 23. Nxd7+ 1-0

[Event "Borovo op"]
[Site "Borovo"]
[Date "2003.??.??"]
[Round "1"]
[White "Knezevic, Jovan"]
[Black "Novakovic, Dragan"]
[Result "0-1"]
[WhiteElo "2299"]
[BlackElo "2356"]
[PlyCount "68"]
[EventDate "2003.??.??"]
[EventType "swiss"]
[EventRounds "9"]
[EventCountry "CRO"]
[SourceTitle "EXT 2005"]
[Source "ChessBase"]
[SourceDate "2004.11.15"]
[SourceVersion "1"]
[SourceVersionDate "2004.11.15"]
[SourceQuality "1"]

1. d4 d5 2. c4 c6 3. cxd5 cxd5 4. Nc3 Nc6 5. Bf4 Nf6 6. e3 a6 7. Bd3 e6 8. Rc1 Bd7 9. Nf3 Be7 10. 0-0 0-0 11. Re1 b5 12. Ne5 Rc8 13. Qf3 g6 14. Bh6 Re8 15. g4 Bd6 16. Qf4 Bxe5 17. dxe5 Nxg4 18. Qxg4 Nxe5 19. Qe2 Bc6 20. f4 Nxd3 21. Qxd3 Qh4 22. Bg5 Qg4+ 23. Kf2 Qh3 24. Rg1 b4 25. Ne2 d4 26. Rxc6 Qxe3+ 27. Qxe3 dxe3+ 28. Kxe3 Rxc6 29. Bf6 e5 30. Bg5 exf4+ 31. Kf3 Re3+ 32. Kf2 Rc2 33. Re1 Rxb2 34. Bxf4 Re4 0-1

[Event "Borovo op"]
[Site "Borovo"]
[Date "2003.??.??"]
[Round "7"]
[White "Knezevic, Jovan"]
[Black "Radulovic, Bojan"]
[Result "0-1"]
[WhiteElo "2299"]
[BlackElo "2099"]
[PlyCount "100"]
[EventDate "2003.??.??"]
[EventType "swiss"]
[EventRounds "9"]
[EventCountry "CRO"]
[SourceTitle "EXT 2005"]
[Source "ChessBase"]
[SourceDate "2004.11.15"]
[SourceVersion "1"]
[SourceVersionDate "2004.11.15"]
[SourceQuality "1"]

1. d4 Nf6 2. c4 c5 3. d5 b5 4. cxb5 a6 5. Nc3 axb5 6. Nxb5 Qa5+ 7. Nc3 Ba6 8. g3 d6 9. Bg2 g6 10. Nh3 Bg7 11. 0-0 Nbd7 12. Rb1 0-0 13. Bd2 Qc7 14. Re1 Rfb8 15. f4 Nb6 16. b3 c4 17. Nf2 cxb3 18. axb3 Qc5 19. e4 Nfd7 20. Qf3 Bd4 21. b4 Bxf2+ 22. Qxf2 Qxf2+ 23. Kxf2 Bd3 24. Ra1 Nc4 25. Rxa8 Rxa8 26. Be3 Ra3 27. Bd4 Ndb6 28. e5 dxe5 29. fxe5 Kf8 30. d6 exd6 31. exd6 Bf5 32. Bc6 Be6 33. Bc5 Kg8 34. Ne4 Ra2+ 35. Kg1 Kg7 36. Bd4+ Kf8 37. Nc5 Rd2 38. Nxe6+ fxe6 39. Bc5 Kf7 40. Rf1+ Kg7 41. Be8 Nxd6 42. Bc6 Nbc4 43. Ra1 Ne5 44. Ra7+ Kf6 45. b5 Nxc6 46. bxc6 Rd5 47. Ba3 Ke5 48. Rxh7 Rd1+ 49. Kg2 Rd2+ 50. Kh3 Rc2 0-1

[Event "Borovo op"]
[Site "Borovo"]
[Date "2003.??.??"]
[Round "8"]
[White "Masirevic, Miroljub"]
[Black "Knezevic, Jovan"]
[Result "0-1"]
[WhiteElo "2092"]
[BlackElo "2299"]
[PlyCount "100"]
[EventDate "2003.??.??"]
[EventType "swiss"]
[EventRounds "9"]
[EventCountry "CRO"]
[SourceTitle "EXT 2005"]
[Source "ChessBase"]
[SourceDate "2004.11.15"]
[SourceVersion "1"]
[SourceVersionDate "2004.11.15"]
[SourceQuality "1"]

1. e4 g6 2. d4 Bg7 3. Nc3 d6 4. Be3 a6 5. f4 b5 6. a3 Bb7 7. Nf3 Nd7 8. Bd3 c5 9. d5 c4 10. Be2 Ngf6 11. 0-0 0-0 12. Qd2 Ng4 13. Bd4 Bxd4+ 14. Nxd4 Ngf6 15. Rae1 Nc5 16. Bf3 Qb6 17. e5 dxe5 18. fxe5 Nfd7 19. e6 fxe6 20. dxe6 Bxf3 21. Rxf3 Rxf3 22. gxf3 Nf8 23. h4 Ncxe6 24. Nce2 Nxd4 25. Qxd4 Qxd4+ 26. Nxd4 Re8 27. Kf2 e5 28. Nc6 Nd7 29. Re4 Kf7 30. Ke3 Kf6 31. Rg4 h5 32. Rg1 Nb6 33. Rd1 Na4 34. Rb1 Re6 35. Nb4 Rd6 36. b3 cxb3 37. cxb3 Nc3 38. Rc1 Nd5+ 39. Nxd5+ Rxd5 40. Rc6+ Kf5 41. Rxa6 Rc5 42. Kd3 Kf4 43. Rxg6 Kxf3 44. Rg5 e4+ 45. Kd2 Rxg5 46. hxg5 e3+ 47. Ke1 h4 48. g6 h3 49. g7 h2 50. g8Q h1Q+ 0-1